[Event "CRO-chT"]
[Site "Rabac"]
[Date "2003.09.12"]
[Round "6"]
[White "Bertok, Mario"]
[Black "Zufic, Miroslav"]
[Result "0-1"]
[WhiteElo "2297"]
[BlackElo "2399"]
[PlyCount "110"]
[EventDate "2003.09.07"]
[EventType "team"]
[EventRounds "9"]
[EventCountry "CRO"]
[SourceTitle "CBM 096 Extra"]
[Source "ChessBase"]
[SourceDate "2003.10.22"]
[SourceVersion "2"]
[SourceVersionDate "2003.10.20"]
[SourceQuality "1"]

1. c4 e5 2. Nc3 Nf6 3. g3 d5 4. cxd5 Nxd5 5. Bg2 Nb6 6. d3 Be7 7. Nf3 Nc6 8. 0-0 0-0 9. Be3 Bg4 10. Rc1 f5 11. a3 Kh8 12. Na4 f4 13. Bc5 Bd6 14. b4 fxg3 15. hxg3 Nxa4 16. Qxa4 Bxc5 17. Rxc5 Bxf3 18. Bxf3 Nd4 19. Bxb7 Nxe2+ 20. Kg2 Rb8 21. Be4 Qg5 22. Rh1 Nf4+ 23. Kg1 h6 24. Qd1 Rbd8 25. Rh4 Qf6 26. Qc2 Ne6 27. Rc6 Rd6 28. Rxd6 cxd6 29. Qd2 Nd4 30. f4 Rc8 31. fxe5 dxe5 32. Rh2 Nf3+ 33. Bxf3 Qxf3 34. Rg2 Rd8 35. Qe2 Qxd3 36. Qxe5 Rd5 37. Qe8+ Kh7 38. g4 Qb1+ 39. Kh2 Rd1 40. Qe2 Rh1+ 41. Kg3 Qb3+ 42. Kf2 Qf7+ 43. Ke3 Rh3+ 44. Kd4 Qd7+ 45. Ke4 Qe6+ 46. Kd4 Qd6+ 47. Ke4 Rxa3 48. Qc2 g6 49. Qc4 Qe7+ 50. Kd5 Re3 51. Qf4 Qd7+ 52. Kc4 Qc6+ 53. Kd4 Qc3+ 54. Kd5 Rd3+ 55. Ke6 Qc6+ 0-1

[Event "CRO-chT"]
[Site "Rabac"]
[Date "2003.09.11"]
[Round "5"]
[White "Bertok, Mario"]
[Black "Kutuzovic, Branko"]
[Result "1/2-1/2"]
[WhiteElo "2297"]
[BlackElo "2396"]
[PlyCount "39"]
[EventDate "2003.09.07"]
[EventType "team"]
[EventRounds "9"]
[EventCountry "CRO"]
[SourceTitle "CBM 096 Extra"]
[Source "ChessBase"]
[SourceDate "2003.10.22"]
[SourceVersion "2"]
[SourceVersionDate "2003.10.20"]
[SourceQuality "1"]

1. c4 e5 2. Nc3 Nf6 3. g3 Bb4 4. Bg2 0-0 5. e4 Bxc3 6. dxc3 d6 7. Ne2 Nbd7 8. f3 a6 9. g4 Nc5 10. Ng3 Ne6 11. Be3 Nd7 12. Qd2 Re8 13. h4 Ndf8 14. h5 h6 15. Rd1 b6 16. Nf5 Ng5 17. 0-0 Bb7 18. b4 Nfe6 19. Rf2 Qf6 20. Ng3 1/2-1/2

[Event "CRO-chT"]
[Site "Rabac"]
[Date "2003.09.07"]
[Round "1"]
[White "Bertok, Mario"]
[Black "Jankovic, Alojzije"]
[Result "0-1"]
[WhiteElo "2297"]
[BlackElo "2373"]
[PlyCount "84"]
[EventDate "2003.09.07"]
[EventType "team"]
[EventRounds "9"]
[EventCountry "CRO"]
[SourceTitle "CBM 096 Extra"]
[Source "ChessBase"]
[SourceDate "2003.10.22"]
[SourceVersion "2"]
[SourceVersionDate "2003.10.20"]
[SourceQuality "1"]

1. c4 e5 2. Nc3 Nf6 3. g3 g6 4. Bg2 Bg7 5. e3 0-0 6. Nge2 Nc6 7. Rb1 a5 8. 0-0 d6 9. d3 Be6 10. Nd5 Nd7 11. Nec3 Na7 12. e4 c6 13. Ne3 Nc8 14. Ne2 Qb6 15. b3 Ne7 16. Kh1 Rad8 17. Nc2 d5 18. Bg5 f6 19. Be3 Qc7 20. cxd5 cxd5 21. Rc1 Qd6 22. Qe1 d4 23. Bd2 Nc5 24. Bxa5 Nxd3 25. Qd2 Nxc1 26. Nxc1 Rc8 27. Nd3 b6 28. Bb4 Qd7 29. f4 Rf7 30. Bxe7 Rxe7 31. Ncb4 Qd6 32. f5 Bf7 33. g4 g5 34. Re1 Rec7 35. h3 Bf8 36. Kh2 Qd7 37. Re2 Qb5 38. a4 Bxb4 39. Nxb4 Qa5 40. h4 h6 41. Nd5 Qxd2 42. Rxd2 Bxd5 0-1

[Event "CRO-chT"]
[Site "Pula"]
[Date "2001.09.18"]
[Round "9"]
[White "Bertok, Mario"]
[Black "Vitic, Ivan"]
[Result "1/2-1/2"]
[WhiteElo "2297"]
[BlackElo "2312"]
[PlyCount "23"]
[EventDate "2001.09.10"]
[EventType "team"]
[EventRounds "9"]
[EventCountry "CRO"]
[SourceTitle "CBM 084 Extra"]
[Source "ChessBase"]
[SourceDate "2001.10.26"]
[SourceVersion "1"]
[SourceVersionDate "2001.10.26"]
[SourceQuality "1"]

1. e4 c5 2. Nf3 d6 3. Bb5+ Bd7 4. Bxd7+ Qxd7 5. 0-0 Nc6 6. d4 cxd4 7. Nxd4 Nf6 8. Nc3 g6 9. f3 Bg7 10. Be3 0-0 11. Qd2 Rfc8 12. Rfd1 1/2-1/2

[Event "CRO-chT"]
[Site "Pula"]
[Date "2001.09.12"]
[Round "3"]
[White "Biliskov, Vjekoslav"]
[Black "Bertok, Mario"]
[Result "0-1"]
[WhiteElo "2340"]
[BlackElo "2297"]
[PlyCount "94"]
[EventDate "2001.09.10"]
[EventType "team"]
[EventRounds "9"]
[EventCountry "CRO"]
[SourceTitle "CBM 084 Extra"]
[Source "ChessBase"]
[SourceDate "2001.10.26"]
[SourceVersion "1"]
[SourceVersionDate "2001.10.26"]
[SourceQuality "1"]

1. d4 d5 2. c4 dxc4 3. Nf3 Nf6 4. e3 e6 5. Bxc4 c5 6. 0-0 a6 7. Bd3 Nc6 8. Nc3 cxd4 9. exd4 Be7 10. Re1 0-0 11. a3 b6 12. Bc2 Bb7 13. Qd3 Rc8 14. d5 Na5 15. Bg5 Rxc3 16. Qxc3 Nxd5 17. Qd3 g6 18. Bh6 Re8 19. Ne5 Bf6 20. Rac1 Nc6 21. Nxc6 Bxc6 22. Bb3 Qa8 23. Rc2 Ne7 24. Qh3 Nf5 25. Be3 Nh4 26. f3 Bxf3 27. gxf3 Nxf3+ 28. Kf2 Bh4+ 29. Ke2 Nxe1 30. Qxh4 Nxc2 31. Bxc2 Qg2+ 32. Bf2 Qc6 33. Bd3 b5 34. Qf6 Qd5 35. Bg3 e5 36. Qxa6 e4 37. Bxb5 Rd8 38. Ke3 Qd4+ 39. Ke2 Qd1+ 40. Kf2 Qf3+ 41. Kg1 Rd1+ 42. Bf1 e3 43. Qc8+ Kg7 44. Qh3 f6 45. Qg2 Qg4 46. h3 Qc4 47. b3 Qa6 0-1

[Event "Slavonija Swiss"]
[Site "Vukovar"]
[Date "2001.08.11"]
[Round "11"]
[White "Szuhanek, Ranko"]
[Black "Bertok, Mario"]
[Result "1/2-1/2"]
[WhiteElo "2435"]
[BlackElo "2297"]
[PlyCount "28"]
[EventDate "2001.08.02"]
[EventType "swiss"]
[EventRounds "11"]
[EventCountry "CRO"]
[SourceTitle "EXT 2002"]
[Source "ChessBase"]
[SourceDate "2001.11.25"]
[SourceVersion "1"]
[SourceVersionDate "2001.11.25"]
[SourceQuality "1"]

1. Nf3 Nf6 2. c4 g6 3. Nc3 Bg7 4. e4 d6 5. d4 0-0 6. Be2 Nbd7 7. 0-0 e5 8. Be3 Ng4 9. Bg5 f6 10. Bd2 Nh6 11. Qc2 Nf7 12. Rad1 c6 13. Rfe1 Qe7 14. Bf1 Nh6 1/2-1/2

[Event "Zagreb Koncar"]
[Site "Zagreb"]
[Date "2001.01.18"]
[Round "9"]
[White "Bertok, Mario"]
[Black "Pecnik, Leo"]
[Result "1-0"]
[WhiteElo "2297"]
[BlackElo "2171"]
[PlyCount "67"]
[EventDate "2001.01.??"]
[EventType "swiss"]
[EventRounds "11"]
[EventCountry "CRO"]
[SourceTitle "EXT 2004"]
[Source "ChessBase"]
[SourceDate "2003.11.25"]
[SourceVersion "1"]
[SourceVersionDate "2003.11.25"]
[SourceQuality "1"]

1. c4 Nf6 2. Nc3 g6 3. e4 d6 4. d4 Bg7 5. Be2 0-0 6. f4 c5 7. Nf3 cxd4 8. Nxd4 Na6 9. Nb3 Be6 10. Be3 Rc8 11. Nd2 Nd7 12. Rc1 Nb6 13. b3 Nb4 14. a3 Nc6 15. Nf3 Bg4 16. 0-0 Nd7 17. h3 Bxf3 18. Bxf3 Re8 19. Rf2 Qa5 20. Nb5 a6 21. b4 Qd8 22. Nc3 Ncb8 23. Qb3 Nc6 24. Rd2 b5 25. cxb5 axb5 26. Nxb5 Nce5 27. Rdc2 Nxf3+ 28. gxf3 Rb8 29. Nc7 Nc5 30. Bxc5 Qxc7 31. Be3 Qd7 32. Kg2 Qb5 33. Rd1 Rec8 34. Rd5 1-0

[Event "Zagreb op"]
[Site "Zagreb"]
[Date "1997.??.??"]
[Round "5"]
[White "Kutuzovic, Branko"]
[Black "Bertok, Mario"]
[Result "1-0"]
[WhiteElo "2395"]
[BlackElo "2285"]
[PlyCount "79"]
[EventDate "1997.??.??"]
[EventType "swiss"]
[EventRounds "9"]
[EventCountry "CRO"]
[SourceTitle "EXT 1999"]
[Source "ChessBase"]
[SourceDate "1998.11.16"]
[SourceVersion "1"]
[SourceVersionDate "1998.11.16"]
[SourceQuality "1"]

1. e4 c5 2. Nf3 d6 3. d4 cxd4 4. Nxd4 Nf6 5. Nc3 Nc6 6. Bg5 e6 7. Qd2 a6 8. 0-0-0 Bd7 9. f4 b5 10. Bxf6 gxf6 11. Kb1 Qb6 12. Nxc6 Bxc6 13. Qe1 Be7 14. f5 Qc5 15. Qh4 h5 16. Bd3 0-0-0 17. Qh3 Bd7 18. Rhf1 Qe5 19. Ne2 Rdg8 20. Nf4 h4 21. a4 Bd8 22. axb5 axb5 23. c3 Bb6 24. Bc2 Rh6 25. Rde1 Qc5 26. Bb3 Re8 27. fxe6 fxe6 28. Nxe6 Qe5 29. Rf5 Rxe6 30. Rxe5 Rxe5 31. Qd3 f5 32. Qd2 Rf6 33. exf5 Bxf5+ 34. Ka2 Be4 35. Rxe4 Rxe4 36. Qd5 Re5 37. Qc6+ Bc7 38. Bd5 Re7 39. Qb7+ Kd8 40. Bc6 1-0

[Event "CRO-chT2"]
[Site "Opatija"]
[Date "1995.??.??"]
[Round "?"]
[White "Bertok, Mario"]
[Black "Vitic, Ivan"]
[Result "1/2-1/2"]
[WhiteElo "2305"]
[BlackElo "2230"]
[PlyCount "40"]
[EventDate "1995.??.??"]
[EventType "team"]
[EventRounds "9"]
[EventCountry "CRO"]
[SourceTitle "EXT 1998"]
[Source "ChessBase"]
[SourceDate "1997.11.17"]
[SourceVersion "1"]
[SourceVersionDate "1997.11.17"]
[SourceQuality "1"]

1. c4 Nf6 2. Nc3 c6 3. d4 d5 4. e3 Bf5 5. Nf3 e6 6. Bd3 Bxd3 7. Qxd3 Nbd7 8. 0-0 Be7 9. e4 dxe4 10. Nxe4 Nxe4 11. Qxe4 Nf6 12. Qe2 0-0 13. Rd1 Qc7 14. Bg5 Rfd8 15. Ne5 c5 16. dxc5 Qxc5 17. h3 h6 18. Bxf6 Bxf6 19. Nd7 Qf5 20. Nxf6+ Qxf6 1/2-1/2

[Event "Wch Seniors 04th"]
[Site "Biel"]
[Date "1994.??.??"]
[Round "9"]
[White "Bertok, Mario"]
[Black "Rytova, Merike"]
[Result "1-0"]
[WhiteElo "2310"]
[BlackElo "2095"]
[PlyCount "93"]
[EventDate "1994.07.??"]
[EventType "swiss"]
[EventRounds "11"]
[EventCountry "SUI"]
[SourceTitle "EXT 1997"]
[Source "ChessBase"]
[SourceDate "1996.11.15"]
[SourceVersion "1"]
[SourceVersionDate "1996.11.15"]
[SourceQuality "1"]

1. c4 e5 2. Nc3 Nc6 3. g3 g6 4. Bg2 f5 5. d3 Bg7 6. e3 d6 7. Nge2 Nf6 8. Rb1 0-0 9. 0-0 Be6 10. Nd5 Bxd5 11. cxd5 Ne7 12. Qb3 Rb8 13. Nc3 Nd7 14. Qa3 Nc5 15. Rd1 a6 16. b4 Nd7 17. Qb3 g5 18. Bd2 Ng6 19. Rdc1 g4 20. Qd1 Kh8 21. e4 f4 22. Qxg4 Bh6 23. Qh5 Bg5 24. Bh3 Be7 25. Bf5 Nf6 26. Qh3 Rg8 27. Kh1 fxg3 28. fxg3 c6 29. Be6 Qb6 30. Bxg8 Rxg8 31. dxc6 bxc6 32. Bg5 Qd4 33. Qf1 Rf8 34. Qe2 Nd5 35. exd5 Bxg5 36. Rc2 cxd5 37. Rf1 Rb8 38. a3 Re8 39. b5 axb5 40. Nxb5 Qb6 41. Nc7 Rb8 42. Nxd5 Qb3 43. Rc4 Qxa3 44. Rc7 Rb2 45. Qh5 Ne7 46. Nxe7 Qa8+ 47. Nc6 1-0

[Event "CRO-chT"]
[Site "Makarska"]
[Date "1994.??.??"]
[Round "6"]
[White "Bertok, Mario"]
[Black "Vlasic, Nenad"]
[Result "1/2-1/2"]
[WhiteElo "2310"]
[BlackElo "2315"]
[PlyCount "45"]
[EventDate "1994.??.??"]
[EventType "team"]
[EventRounds "9"]
[EventCountry "CRO"]
[SourceTitle "EXT 1997"]
[Source "ChessBase"]
[SourceDate "1996.11.15"]
[SourceVersion "1"]
[SourceVersionDate "1996.11.15"]
[SourceQuality "1"]

1. c4 c5 2. Nc3 Nc6 3. g3 g6 4. Bg2 Bg7 5. Nf3 e5 6. d3 Nge7 7. 0-0 0-0 8. Ne1 d6 9. a3 Be6 10. Nd5 Rb8 11. Bg5 f6 12. Bd2 f5 13. Rb1 a5 14. Nc2 b5 15. b4 axb4 16. axb4 bxc4 17. dxc4 cxb4 18. Ncxb4 e4 19. Bg5 Bxd5 20. Nxd5 Rxb1 21. Qxb1 h6 22. Bxe7 Nxe7 23. Qb5 1/2-1/2

[Event "Pula tt2"]
[Site "Pula"]
[Date "1990.??.??"]
[Round "11"]
[White "Bertok, Mario"]
[Black "Covic, Darko"]
[Result "1/2-1/2"]
[WhiteElo "2340"]
[BlackElo "2375"]
[PlyCount "27"]
[EventDate "1990.??.??"]
[EventType "team"]
[EventRounds "11"]
[EventCountry "YUG"]
[SourceTitle "EXT 2000"]
[Source "ChessBase"]
[SourceDate "1999.11.16"]
[SourceVersion "1"]
[SourceVersionDate "1999.11.16"]
[SourceQuality "1"]

1. d4 Nf6 2. c4 e6 3. Nf3 d5 4. Nc3 c5 5. cxd5 Nxd5 6. e4 Nxc3 7. bxc3 cxd4 8. cxd4 Bb4+ 9. Bd2 Bxd2+ 10. Qxd2 0-0 11. Be2 Nc6 12. 0-0 e5 13. dxe5 Qxd2 14. Nxd2 1/2-1/2

[Event "Pula tt2"]
[Site "Pula"]
[Date "1990.??.??"]
[Round "?"]
[White "Bertok, Mario"]
[Black "Deze, Anton"]
[Result "1/2-1/2"]
[WhiteElo "2340"]
[BlackElo "2360"]
[PlyCount "24"]
[EventDate "1990.??.??"]
[EventType "team"]
[EventRounds "11"]
[EventCountry "YUG"]
[SourceTitle "EXT 2000"]
[Source "ChessBase"]
[SourceDate "1999.11.16"]
[SourceVersion "1"]
[SourceVersionDate "1999.11.16"]
[SourceQuality "1"]

1. c4 c5 2. Nc3 Nf6 3. g3 e6 4. Nf3 b6 5. Bg2 Bb7 6. d4 cxd4 7. Qxd4 Nc6 8. Qf4 Bb4 9. Bd2 0-0 10. 0-0 Be7 11. Rfd1 d6 12. Rac1 a6 1/2-1/2

[Event "Pula tt2"]
[Site "Pula"]
[Date "1990.??.??"]
[Round "4"]
[White "Bertok, Mario"]
[Black "Gavric, Miladin"]
[Result "1/2-1/2"]
[WhiteElo "2340"]
[BlackElo "2355"]
[PlyCount "82"]
[EventDate "1990.??.??"]
[EventType "team"]
[EventRounds "11"]
[EventCountry "YUG"]
[SourceTitle "EXT 2000"]
[Source "ChessBase"]
[SourceDate "1999.11.16"]
[SourceVersion "1"]
[SourceVersionDate "1999.11.16"]
[SourceQuality "1"]

1. c4 g6 2. Nc3 Bg7 3. d4 Nf6 4. e4 d6 5. Be2 0-0 6. f4 c5 7. Nf3 cxd4 8. Nxd4 Nc6 9. Be3 Bg4 10. Nxc6 Bxe2 11. Nxd8 Bxd1 12. Rxd1 Rfxd8 13. Ke2 Rdc8 14. c5 Ne8 15. cxd6 exd6 16. Bd4 Rc4 17. Bxg7 Kxg7 18. Kf3 Rac8 19. Rd3 a6 20. Rhd1 b5 21. g4 b4 22. Nd5 Rc2 23. R3d2 a5 24. g5 h6 25. h4 hxg5 26. hxg5 Rxd2 27. Rxd2 Rc1 28. b3 Rf1+ 29. Ke3 Rc1 30. Ke2 Rc6 31. Kd3 f6 32. Rg2 Kf7 33. Rh2 Kg7 34. Rg2 Kf7 35. Kd4 Rc1 36. gxf6 Nxf6 37. Nxf6 Kxf6 38. Rg5 Rd1+ 39. Ke3 Re1+ 40. Kd3 Rf1 41. Ke3 Re1+ 1/2-1/2